000 00773nam a22002177a 4500
005 20100519162829.0
008 100519t xxu||||| |||| 00| 0 eng d
010 _aENG-96115
020 _a9788120748392
_c199.00
035 _aEN-79648
037 _bDBAD/PUB
040 _aDPL
_bEng
082 _a745.92
100 _aTulsyan, Ranjana
245 _aFlower arrangement :
_cby Ranjana Tulsyan
_b61 creative ways /
260 _aNew Delhi
_bSterling Publishers
_c2010
270 _aA-59, Okhla Industrial Area, Phase-II
_bNew Delhi
_e110020
300 _a 95p.:
_c23 cm. (pbk)
_bcol. photos
942 _2ddc
_cEN
_mTUL
_h745.92
999 _c36232
_d36232